00421pab a2200157 454500008004000000100002200040245007300062260000900135300001300144362001100157650000800168650002200176650001400198700001700212773003400229180718b2014 xxu||||| |||| 00| 0 eng d aChhibber, Pradeep aThe BJP's 2014 'Modi wave' an ideological consolidation of the right c2014 ap.50-56. a27 Sep aBJP aElections - India aElections aVerma, Rahul aEconomic and Political Weekly